Filosofía con niños y jóvenes: la comunidad de indagación a partir de los conceptos de acontecimiento y experiencia trágica
Guardat en:
| Autor principal: | |
|---|---|
| Format: | Llibre |
| Idioma: | espanyol |
| Publicat: |
Buenos Aires
Noveduc
2008
|
| Edició: | 1a. ed |
| Matèries: | |
| Etiquetes: |
Afegir etiqueta
Sense etiquetes, Sigues el primer a etiquetar aquest registre!
|
MARC
| LEADER | 00000cam a2200000 a 4500 | ||
|---|---|---|---|
| 001 | UCC3552 | ||
| 003 | CL-VaPUC | ||
| 008 | 180527e20080600ag |||||||||||||||||spa|d | ||
| 020 | |a 9789875382220 | ||
| 082 | 0 | 4 | |a 372.21 |b LOP |2 21 |
| 100 | |a López, Maximiliano |e autor |9 597579 | ||
| 245 | 1 | 0 | |a Filosofía con niños y jóvenes: la comunidad de indagación a partir de los conceptos de acontecimiento y experiencia trágica |
| 250 | |a 1a. ed | ||
| 300 | |a 111 p | ||
| 942 | |c BK | ||
| 945 | |d 20180527 18:33:00 |a arojas | ||
| 260 | |a Buenos Aires |b Noveduc |c 2008 | ||
| 650 | 0 | |a Filosofía moderna |9 258121 | |
| 650 | 0 | |a Enseñanza de la filosofía |9 256848 | |
| 583 | |a last modification |c 20180527 18:33:00 |k Rodrigo Vera | ||
| 999 | |c 371250 |d 371248 | ||
| 952 | |0 0 |1 0 |3 erb |4 0 |6 372_210000000000000_LOP_2008 |7 0 |8 A |9 488180 |a BIBEDU |b BIBEDU |c ES_NOD |i 5470390 |l 1 |o 372.21 LOP 2008 |p 5470390 |r 2023-08-11 |s 2023-08-11 |w 2019-11-24 |y BK |z Catalogado en:20180527 |k FIL | ||